| 000 | 00333nam a22001217a 4500 | ||
|---|---|---|---|
| 082 |
_a954.91 _bKHA _cD |
||
| 100 |
_aFazli Hakim Khattak _946449 |
||
| 245 |
_aHealth Economics and Planning in Pakistan _cFazli Hakim Khattak |
||
| 260 | _a192 P, : | ||
| 526 |
_a0 _b0 _c0 _d954_910000000000000_KHA |
||
| 650 |
_aMCE _9379 |
||
| 942 |
_2ddc _cBK |
||
| 999 |
_c549788 _d549788 |
||